|
|
|
|
| LEADER |
00000nam0a2200000 4500 |
| 001 |
121509 |
| 005 |
20241025063146.0 |
| 035 |
|
|
|a (RuTPU)RU\TPU\book\131587
|
| 035 |
|
|
|a RU\TPU\book\128102
|
| 090 |
|
|
|a 121509
|
| 100 |
|
|
|a 20070914d1984 d y0rusy50 ca
|
| 101 |
0 |
|
|a rus
|
| 102 |
|
|
|a RU
|
| 105 |
|
|
|a y z 000ay
|
| 200 |
1 |
|
|a Повести и рассказы
|f А. П. Чехов
|g сост., вступ. ст. и примеч. А. П. Чудаков
|
| 210 |
|
|
|a Москва
|c Советская Россия
|d 1984
|
| 215 |
|
|
|a 240 с.
|
| 225 |
1 |
|
|a Библиотека юношества
|
| 320 |
|
|
|a Вступительная статья: с. 3-20
|
| 320 |
|
|
|a Примечания: с. 228-237
|
| 464 |
|
|
|t Письмо к ученому соседу; Двое в одном; Рассказ, которому трудно подобрать название; Депутат, или Повесть о том, как у Дезедемонова 25 рублей пропало; Толстый и тонкий; Полинька; Свирель; Мальчики; Белолобый; Н. М. Пржевальский; Гусев; В Москве; Попрыгунья; В ссылке; Палата № 6; Дом с мезонином; Ионыч; Человек в футляре; Крыжовник; О любви; Невеста
|o повести и рассказы
|
| 610 |
1 |
|
|a русская литература
|
| 610 |
1 |
|
|a проза
|
| 610 |
1 |
|
|a художественная литература
|
| 610 |
1 |
|
|a повести
|
| 610 |
1 |
|
|a рассказы
|
| 675 |
|
|
|a Р1
|v 3
|
| 700 |
|
1 |
|a Чехов
|b А. П.
|c русский писатель
|f 1860-1904
|g Антон Павлович
|7 ca
|8 rus
|2 stltpush
|3 (RuTPU)RU\TPU\pers\1035
|9 458
|
| 702 |
|
1 |
|a Чудаков
|b А. П.
|4 220
|
| 801 |
|
1 |
|a RU
|b 63413507
|c 20070609
|g PSBO
|
| 801 |
|
2 |
|a RU
|b 63413507
|c 20141030
|g PSBO
|
| 942 |
|
|
|c BK
|